Corrigez cette dictée #1 - Statistiques

Statistiques générales
  • Ce quiz a été pris 2 206 fois
    2 197 depuis la dernière actualisation
  • Le résultat moyen est 19 sur 21
Réponses sur la Carte
Les réponses sont colorées sur une échelle allant du rouge au vert en fonction du pourcentage des utilisateurs qui les ont devinées à leur premier essai. Vous pouvez retrouver ces pourcentages ci-dessous.
 
Statistiques - réponses
Correction % Correct
endormis
98%
grilles
98%
jardins
98%
rue
98%
long
97%
jet
96%
partaient
96%
ronde
96%
93%
rouillées
93%
école
90%
pays
90%
poussiéreuses
89%
ce
88%
bondir
87%
coulait
85%
eau
82%
attraper
80%
énormes
79%
champ
73%
glycines
62%
Aucun quiz correspondant
Distribution des résultats
% des personnes avec chaque résultat
Percentile par nombre de réponses
Votre historique - résultats
Vous n’avez pas pris ce quiz depuis la dernière actualisation